2023 Rap Album Covers - Statistics

General Stats
  • This quiz has been taken 49 times
  • The average score is 6 of 12
Answer Stats
Picture Answer % Correct
Utopia
98%
For All The Dogs
95%
Pink Tape
93%
Michael
56%
Almost Healed
49%
Set It Off
49%
Jackman.
30%
Scarlet
26%
Rocket Power
21%
Welcome 2 Collegrove
16%
Nostalgia
12%
College Park
7%
No matching quizzes found
Score Distribution
Percent of People with Each Score
Percentile by Number Answered
Your Score History
You have not taken this quiz